000 00313 a2200109 4500
001 ART_11774
005 20260410161900.0
008 260409a
245 1 0 _aWen is a tax neutral?
100 1 _aLau, Lawrence J.
773 0 _tJournal of public economics
_g- Vol. 9, NÂș 3 (jun. 1978)
_wREV11485
999 _c25820
_d25820